Fictional Logos - TV Shows - Statistics

General Stats
  • This quiz has been taken 25 times
  • The average score is 7 of 20
Answer Stats
Picture Hint Answer % Correct
Friends Central Perk
74%
Spongebob The Krusty Krab
74%
The Simpsons Duff Beer
70%
The Office Dunder Mifflin
61%
Breaking Bad Los Pollos Hermanos
48%
Family Guy The Drunken Clam
48%
The Boys Vought International
35%
Roadrunner ACME Corporation
30%
The Sopranos Bada Bing!
30%
Mr. Robot E-Corp
26%
It's Always Sunny in Philadelphia Paddy's Irish Pub
26%
Better Call Saul Hamlin, Hamlin & McGill
22%
Lost Oceanic Airlines
22%
King of the Hill Strickland Propane
22%
Arrested Development Bluth Company
17%
Severance Lumon Industries
13%
Regular Show The Eggscellent Restaurant
13%
Mad Men Stirling Cooper and Partners
9%
Succession Waystar Royco
9%
Yellowstone Yellowstone Dutton Ranch
9%
No matching quizzes found
Score Distribution
Percent of People with Each Score
Percentile by Number Answered
Your Score History
You have not taken this quiz